Human rights and the new international moral order /

Enregistré dans:
Détails bibliographiques
Auteur principal: Mazrui, Ali A.
Autres auteurs: Owusu, Maxwell
Format: Texte
Publié: s.l.: s.e.
Tags: Ajouter un tag
Pas de tags, Soyez le premier à ajouter un tag!

MARC

LEADER 00000 a a2200000 04500
001 24040
003
040 |a CRAI/IIS  |c CRAI/IIS 
090 |a 170600  
100 |a Mazrui, Ali A.  
245 |a Human rights and the new international moral order /  |a Ali A. Mazrui 
260 |a s.l.:   |b s.e.  
300 |a 21 p.  
700 |a Owusu, Maxwell  
999 |c 14900  |d 14900